01340nam a2200361 i 450000500170000000700030001700800410002002000180006104000350007904100080011408400110012210000360013324501200016926400380028930000400032733600270036733700330039433800280042749000290045552100610048453400230054554500710056865000470063965000510068665000400073765000330077765000260081065000250083670000490086170000380091094200150094899900150096320220317002059.0ta201209s2017 ck |||br|||| 00| f spa d a9789580002826 aCO-BoRNBPbspaerdacCO-BoRNBP0 aspa aN MCN41 aMcNicoll, Sylviad1954-eautora10aVenganza contra las moscascSylvia McNicoll ; traducción de Carolina Abello Onofre ; ilustraciones de Miguel Yein 1aBogotábNormabEducactivac2017 a281 páginasbilustracionesc20 cm 2rdacontentatextobtxt 2rdamediaasin mediaciónbn 2rdacarrieravolumenbnc0 aTorre de papelvAmarilla aRecomendado para un público infantil mayor de 9 años tRevenge on the fly aIncluye datos biográficos de los autores en la contra carátula172LEMBaNovela infantil canadienseySiglo XX172LEMBaLiteratura infantil canadienseySiglo XX172LEMBaAutores canadiensesySiglo XX172LEMBaViajes por marvNovela172LEMBaPobrezavNovela172LEMBaHambrevNovela1 aAbello Onofre, Carolina etraductora91655201 aYein, Miguel eilustrador9165521 2loccBKLIT c9118d9118